Introducción a la teoría del precio y al ocupación / (Registro nro. 5491)
[ vista simple ]
| 000 -LEADER | |
|---|---|
| fixed length control field | 01229nam a2200277Ia 4500 |
| 003 - CONTROL NUMBER IDENTIFIER | |
| control field | OSt |
| 005 - DATE AND TIME OF LATEST TRANSACTION | |
| control field | 20200609125033.0 |
| 008 - FIXED-LENGTH DATA ELEMENTS--GENERAL INFORMATION | |
| fixed length control field | 191128s1950 mx gr 000 0dspa d |
| 040 ## - CATALOGING SOURCE | |
| Original cataloging agency | CO-JMCR |
| Transcribing agency | CO-JMCR |
| 041 0# - LANGUAGE CODE | |
| Language code of text/sound track or separate title | spa |
| 082 04 - DEWEY DECIMAL CLASSIFICATION NUMBER | |
| Classification number | 330.1 / |
| Item number | T177e |
| Edition number | 23 |
| 100 1# - MAIN ENTRY--PERSONAL NAME | |
| Personal name | Tarshis, Lorie, |
| Relator term | autor |
| 9 (RLIN) | 5220 |
| 245 10 - TITLE STATEMENT | |
| Title | Introducción a la teoría del precio y al ocupación / |
| Statement of responsibility, etc. | Lorie Tarshis ; versión directa de la última edición norteamericana por Juan Ruiz Magan y Juan Jose Ruiz Rubio |
| 260 ## - PUBLICATION, DISTRIBUTION, ETC. | |
| Place of publication, distribution, etc. | México : |
| Name of publisher, distributor, etc. | Aguilar, |
| Date of publication, distribution, etc. | 1950 |
| 300 ## - PHYSICAL DESCRIPTION | |
| Extent | xxvii, 787 páginas ; |
| Dimensions | 20 cm. |
| 490 ## - SERIES STATEMENT | |
| Series statement | Elementos de economía política |
| 500 ## - GENERAL NOTE | |
| General note | Incluye índice de materias. |
| 505 ## - FORMATTED CONTENTS NOTE | |
| Formatted contents note | Estructura de la economía -- Las operaciones de la empresa: precio y producción -- El dinero y el tipo de interes -- La renta nacional y el empleo u ocupación -- Comercio internacional, producción y renta -- Grupos interesados en la economía |
| 534 ## - ORIGINAL VERSION NOTE | |
| Introductory phrase | The elements of economics |
| 546 ## - LANGUAGE NOTE | |
| Language note | Traducido del inglés |
| 650 14 - SUBJECT ADDED ENTRY--TOPICAL TERM | |
| Topical term or geographic name entry element | Microeconomía Precios |
| 9 (RLIN) | 5221 |
| 650 24 - SUBJECT ADDED ENTRY--TOPICAL TERM | |
| Topical term or geographic name entry element | Teorías Monedas Economía |
| 9 (RLIN) | 5222 |
| 700 1# - ADDED ENTRY--PERSONAL NAME | |
| Personal name | Ruiz Magan, Juan, |
| Relator term | traductor |
| 9 (RLIN) | 1161 |
| 700 1# - ADDED ENTRY--PERSONAL NAME | |
| Personal name | Ruiz Rubio, Juan José, |
| Relator term | traductor |
| 9 (RLIN) | 5223 |
| 942 ## - ADDED ENTRY ELEMENTS (KOHA) | |
| Source of classification or shelving scheme | Dewey Decimal Classification |
| Koha item type | Books |
| Withdrawn status | Lost status | Source of classification or shelving scheme | Materials specified (bound volume or other part) | Damaged status | Not for loan | Home library | Current library | Shelving location | Date acquired | Source of acquisition | Cost, normal purchase price | Total Checkouts | Full call number | Barcode | Date last seen | Copy number | Price effective from | Koha item type |
|---|---|---|---|---|---|---|---|---|---|---|---|---|---|---|---|---|---|---|
| Dewey Decimal Classification | Donación--15/04/2018-- | Biblioteca Pública José María del Castillo y Rada | Biblioteca Pública José María del Castillo y Rada | General Stacks | 11/28/2019 | Donación | 0.00 | 330.1 / T177e | 430001985 | 05/16/2024 | Ej.1 | 11/28/2019 | Books |